Municipalities of Maine Quiz Stats

 Plays Quiz not verified by Sporcle

Support Sporcle.
Go Orange.
Score 0/20 Timer 06:00
0 Plays Today
Population City % Correct
66,666Portland
95.6%
18,705Augusta
95.6%
32,568Bangor
88.9%
25,424South Portland
84.4%
36,299Lewiston
82.2%
22,192Auburn
80%
20,441Brunswick
68.9%
19,014Saco
68.9%
11,111Kennebunk
64.4%
12,803York
62.2%
Population City % Correct
21,337Biddeford
60%
10,670Orono
57.8%
16,182Waterville
55.6%
20,906Sanford
51.1%
19,524Scarborough
51.1%
17,886Westbrook
46.7%
17,589Windham
44.4%
11,734Falmouth
42.2%
17,024Gorham
40%
10,020Standish
26.7%

You're not logged in!

Compare scores with friends on all Sporcle quizzes.
OR
Log In

From the Vault

'CIR' Words

by MSUKent

This quiz will have your head spinning!
Remove Ads.
Support Sporcle.
Get the best of Sporcle when you Go Orange. This ad-free experience offers more features, more stats, and more fun while also helping to support Sporcle. Thank you for becoming a member.

Show Comments

Extras

Created Jan 20, 2016ReportNominate
Tags:City Quiz, Population Quiz, maine

Top Quizzes Today


Score Distribution

Your Account Isn't Verified!

In order to create a playlist on Sporcle, you need to verify the email address you used during registration. Go to your Sporcle Settings to finish the process.

Report this User

Report this user for behavior that violates our Community Guidelines.

Details: